[Event "45th National Sub Junior 2019"]
[Site "Tiruchengode"]
[Date "2019.07.16"]
[Round "10.3"]
[White "Kushagra Mohan"]
[Black "Ayushh Ravikumar"]
[Result "1-0"]
[WhiteElo "2250"]
[BlackElo "1946"]
[Annotator "TA"]
[PlyCount "135"]
[EventDate "2019.07.09"]
[EventCountry "IND"]
[SourceTitle "playchess.com"]
[Source "ChessBase"]
[SourceQuality "1"]

{[%evp 16,135,53,59,59,49,41,37,38,41,39,34,87,79,82,82,134,132,126,127,129,126,130,123,122,122,137,132,136,140,149,152,160,160,176,168,180,166,174,165,173,150,147,146,152,147,151,134,186,183,167,142,153,143,146,112,133,133,124,133,143,142,131,116,111,93,96,87,96,67,67,66,66,66,68,64,98,90,117,117,138,125,327,295,480,442,408,102,517,433,1039,1212,1227,1202,1053,739,1775,1510,29974,29975,29975,29974,29972,29976,29980,29981,29985,29986,29986,29985,29985,29986,29986,29987,29987,29988,29988,29989,29989,29990,29990,29991]} 1. e4 e5 2. Nf3 Nc6 3. Bb5 f5 4. d3 fxe4 5. dxe4 Nf6 6. O-O Bc5 7. Bxc6 bxc6 8. Nxe5 O-O 9. Nc3 d6 {C63: Ruy Lopez: Schliemann/Jaenisch Defence} 10. Nd3 (10. Na4 Qe8 11. Nd3 Bg4 12. Qe1 Bd4 13. c3 Bb6 14. Nxb6 axb6 15. c4 Be6 16. b3 b5 17. cxb5 Bxb3 {½-½ (51) Harikrishna,P (2729)-Nihal,S (2576) Kolkata 2018}) 10... Bd4 11. Qe1 Qe8 {White is slightly better.} 12. Be3 Bxc3 13. Qxc3 Nxe4 (13... Qxe4 $14 14. Rfe1 Qa4) 14. Qc4+ $16 d5 15. Qd4 Bb7 $146 (15... Qg6 $142) ({Predecessor:} 15... Qg6 16. Kh1 Nd6 17. Rae1 {½-½ (65) Sandhu,M (2130)-Zaitsev,M Vienna 1996}) 16. Rfe1 c5 17. Nxc5 Nxc5 18. Qxc5 Qc6 19. Qxc6 Bxc6 20. Bd4 a6 21. Re7 Rf7 22. Rae1 h6 23. h3 Raf8 24. R7e6 Bb7 25. Bc5 Rd8 26. Re7 Rdf8 27. R7e3 Ra8 28. Rb3 Bc6 29. Re6 Bd7 30. Re5 Bc6 31. Rbe3 Bb7 (31... Rd8 $16 32. Re6 Bb5) 32. Re7 Raf8 33. Rb3 Bc6 34. Re6 Rf6 35. Rbe3 R8f7 36. Bd4 Rxe6 37. Rxe6 {[%mdl 4096] Endgame KRB-KRB} Bb7 38. b4 Bc8 39. Re8+ Rf8 40. Rxf8+ (40. Re3 {is more complex.} Bd7 41. f3 Rf4 42. Bc5 Rc4 43. c3) 40... Kxf8 {KB-KB} 41. Be5 c6 42. f4 h5 43. Kf2 Bf5 44. c3 g6 45. Ke3 Be4 46. g4 hxg4 47. hxg4 Ke7 48. Kd4 Bb1 $2 (48... Kd7 $16 {was worth a try.} 49. Kc5 Bb1) 49. a3 $1 $18 Kd7 $2 {[#]} (49... g5 50. fxg5 Ke6) 50. Kc5 $1 Bd3 {[#]} 51. Kb6 $1 Bb5 $2 {[%mdl 8192]} (51... Be2 $16 {is a better chance.}) 52. f5 gxf5 (52... Bd3 $142 53. fxg6 Bxg6 54. Kxa6 Bc2) 53. gxf5 Ke7 54. f6+ Ke6 55. Bd4 Kf7 {[#]} 56. c4 $1 {[%mdl 512]} Bxc4 57. Kxc6 {White mates.} Ke6 58. Kb6 Bb5 {[#]} 59. a4 $1 {[%mdl 576] Deflection} Bxa4 60. Kxa6 Kd7 61. b5 Ke6 62. b6 Bc6 63. b7 Bxb7+ 64. Kxb7 Kd7 65. Kb6 Kd6 66. Kb5 Kd7 67. Kc5 Ke6 68. Kc6 {Accuracy: White = 79%, Black = 41%.} 1-0

[Event "45th National Sub Junior 2019"]
[Site "Tiruchengode"]
[Date "2019.07.16"]
[Round "10.4"]
[White "Anadkat Kartavya"]
[Black "Sanket Chakravarty"]
[Result "1/2-1/2"]
[WhiteElo "1941"]
[BlackElo "2107"]
[Annotator "TA"]
[PlyCount "55"]
[EventDate "2019.07.09"]
[EventCountry "IND"]
[SourceTitle "playchess.com"]
[Source "ChessBase"]
[SourceQuality "1"]

{[%evp 17,55,14,24,-7,-7,0,0,0,-5,-10,-10,-14,14,-8,-11,-25,-25,-16,-11,-13,-14,-79,-64,-74,-75,-152,-150,-139,-118,-123,0,0,0,0,0,0,0,0,0,0]} 1. e4 c5 2. Nf3 e6 3. d3 Nc6 4. g3 Nf6 5. Bg2 Be7 6. O-O O-O 7. Re1 d6 8. c3 Bd7 9. Nbd2 Qc7 10. e5 {B30: Sicilian: 2...Nc6 3 Bb5, lines without ...g6} (10. Nf1 Ne5 11. Nh4 Ng6 12. Nxg6 hxg6 13. d4 cxd4 14. cxd4 e5 15. Ne3 Rac8 16. a4 Qb6 17. d5 Qd4 {0-1 (44) Ter Sahakyan,S (2601)-Vitiugov,N (2725) Baku 2015}) 10... Nxe5 11. Nxe5 dxe5 12. Nc4 Bc6 13. Bxc6 Qxc6 14. Nxe5 Qd5 $146 ({Predecessor:} 14... Qc7 15. Qa4 Rad8 16. Bg5 a6 17. Rad1 Rd5 18. Bxf6 Bxf6 {½-½ (63) Willemze,T (2418)-Ly,M (2480) Amsterdam 2016}) 15. Qe2 (15. c4 {is more complex.} Qd6 16. b3 Rad8 17. Bb2 Ne8 18. Qf3) 15... Nd7 16. Bf4 (16. Nf3 {with more complications.} Rfd8 17. Bf4 Nf8 18. d4 cxd4 19. Nxd4 Rac8 20. Nf3) 16... Nxe5 17. Bxe5 f6 18. Bf4 e5 19. d4 (19. b3 $11) 19... cxd4 $17 20. cxd4 {[#]} Bb4 $1 {[%cal Rb4e1]} 21. dxe5 (21. Bd2 $142 Bxd2 22. Qxd2) 21... Bxe1 22. Rxe1 fxe5 23. Bxe5 Qxa2 ({Black should try} 23... Rae8 $17 24. Qe4 Qxe4 25. Rxe4 Rf3) 24. Bxg7 $1 $11 {[#] Hoping for Qg4.The position is equal.} Kxg7 (24... Rae8 $5 25. Be5 $8 Qe6 $11) 25. Qg4+ Kh8 26. Qd4+ Kg8 27. Qg4+ Kh8 $1 28. Qd4+ 1/2-1/2

[Event "45th National Sub Junior 2019"]
[Site "Tiruchengode"]
[Date "2019.07.16"]
[Round "10.5"]
[White "Srikrishnan P"]
[Black "Pranesh M"]
[Result "1/2-1/2"]
[WhiteElo "1990"]
[BlackElo "2343"]
[Annotator "RC"]
[PlyCount "79"]
[EventDate "2019.07.09"]
[EventCountry "IND"]
[SourceTitle "playchess.com"]
[Source "ChessBase"]
[SourceQuality "1"]
[TimeControl "5400+30"]

1. d4 {[%emt 0:00:00]} d5 {[%emt 0:00:00]} 2. c4 {[%emt 0:00:00]} Nc6 {[%emt 0:00:00]} 3. Nf3 {[%emt 0:00:00]} Bg4 {[%emt 0:00:01]} 4. Nc3 {[%emt 0:01:21]} e6 {[%emt 0:00:06]} 5. e3 {[%emt 0:02:40]} Nf6 {[%emt 0:00:14]} 6. Be2 {[%emt 0:00:06]} Bb4 {[%emt 0:01:10]} 7. O-O {[%emt 0:00:15]} Bxc3 {[%emt 0:01:13]} 8. bxc3 {[%emt 0:00:06]} Ne4 {[%emt 0:00:23]} 9. Qc2 {[%emt 0:14:58]} O-O {[%emt 0:01:39]} 10. Ba3 {[%emt 0:00:27]} Re8 {[%emt 0:00:20]} 11. Rfc1 {[%emt 0:06:41]} Qf6 {[%emt 0:04:02]} 12. Rab1 {[%emt 0:05:30]} Rab8 {[%emt 0:02:01]} 13. h3 {[%emt 0:07:39]} Bh5 {[%emt 0:01:15]} 14. cxd5 {[%emt 0:16:27]} exd5 {[%emt 0:00:18]} 15. c4 {[%emt 0:00:25]} dxc4 {[%emt 0:06:42]} 16. Rb5 {[%emt 0:00:59]} Qh6 {[%emt 0:08:11]} 17. Qxc4 {[%emt 0:25:30]} Bxf3 {[%emt 0:04:50]} 18. Bxf3 {[%emt 0:00:11]} Nxf2 {[%emt 0:01:15]} 19. Rc3 {[%emt 0:01:30]} Nxh3+ {[%emt 0:06:46]} 20. gxh3 {[%emt 0:00:05]} Rxe3 {[%emt 0:00:31]} 21. Qxc6 {[%emt 0:02:21]} Re1+ {[%emt 0:01:37]} 22. Kh2 {[%emt 0:00:24]} Qf4+ {[%emt 0:01:29]} 23. Kg2 {[%emt 0:00:05]} Qd2+ {[%emt 0:06:44]} 24. Kg3 {[%emt 0:00:45]} Rg1+ {[%emt 0:02:51]} 25. Bg2 {[%emt 0:02:10]} Rxg2+ {[%emt 0:00:27]} 26. Qxg2 {[%emt 0:00:09]} Qxc3+ {[%emt 0:00:03]} 27. Qf3 {[%emt 0:00:11]} Qxd4 {[%emt 0:00:22]} 28. Bb2 {[%emt 0:01:42]} Qd6+ {[%emt 0:02:47]} 29. Be5 {[%emt 0:02:21]} Qh6 {[%emt 0:06:57]} 30. Bf4 {[%emt 0:02:13]} Qa6 {[%emt 0:06:25]} 31. Rb2 {[%emt 0:00:51]} Re8 {[%emt 0:01:03]} 32. Rg2 {[%emt 0:00:40]} c5 {[%emt 0:00:30]} 33. Kh2 {[%emt 0:00:12]} Qf6 {[%emt 0:00:12]} 34. Qg3 {[%emt 0:01:06]} c4 {[%emt 0:00:57]} 35. Bd2 {[%emt 0:00:56]} Qg6 {[%emt 0:04:45]} 36. Qf4 {[%emt 0:00:18]} Qe4 {[%emt 0:02:49]} 37. Qxe4 {[%emt 0:07:16]} Rxe4 38. Bc3 {[%emt 0:00:30]} g6 {[%emt 0:28:05]} 39. Rd2 {[%emt 0:00:30]} f5 {[%emt 0:00:30]} 40. Rd8+ 1/2-1/2

[Event "45th National Sub Junior 2019"]
[Site "Tiruchengode"]
[Date "2019.07.16"]
[Round "10.6"]
[White "Jain Kashish Manoj"]
[Black "Pranav, V."]
[Result "0-1"]
[WhiteElo "1970"]
[BlackElo "2312"]
[Annotator "TA"]
[PlyCount "118"]
[EventDate "2019.07.09"]
[EventCountry "IND"]
[SourceTitle "playchess.com"]
[Source "ChessBase"]
[SourceQuality "1"]

{[%evp 9,117,36,39,37,41,38,33,39,41,35,50,25,45,22,18,20,20,19,33,18,27,-39,-35,-41,-41,-43,0,-20,0,0,0,0,0,0,2,-14,-14,-18,-18,-46,-37,-54,-52,-80,-77,-143,-39,-53,-10,-60,-3,-10,-10,-13,-9,-10,-10,-10,-10,-35,-1,-54,-52,-37,-19,-19,-21,-17,-18,-18,-17,-127,-108,-92,-110,-72,-33,-31,-6,-17,0,-35,-14,-56,-65,-61,-46,-66,-66,-75,-63,-87,-89,-80,-87,-92,-75,-104,-102,-108,-104,-102,-87,-121,-114,-606,-604,-569,-565,-29999]} 1. e4 c5 2. Nf3 Nc6 3. Bb5 e5 4. O-O Bd6 5. c3 Nge7 (5... a6 6. Bxc6 dxc6 7. d4 exd4 8. cxd4 Bg4 9. e5 Bc7 10. dxc5 Qxd1 11. Rxd1 Bxf3 12. gxf3 Bxe5 {½-½ (31) Giri,A (2797)-Rapport,R (2726) Shenzhen 2019}) 6. d4 {B30: Sicilian: 2...Nc6 3 Bb5, lines without ...g6} cxd4 7. cxd4 exd4 8. Nxd4 {White is slightly better.} O-O 9. Nc3 a6 10. Ba4 b5 $146 ({Predecessor:} 10... Bc5 11. Be3 Nxd4 12. Bxd4 {1-0 (47) Deepan Chakkravarthy,J (2466)-Jobava,B (2672) Dubai 2016}) 11. Bc2 Nxd4 12. Qxd4 Qc7 13. Kh1 Bb7 (13... Bxh2 $6 14. g3 $16) 14. Qd3 {aiming for e5!} Ng6 15. Nd5 (15. Rd1 $11 Be5 16. Bb3) 15... Bxd5 $1 $15 16. exd5 Rac8 ({Don't go for} 16... Bxh2 $2 17. g3 $18) 17. Bb3 Be5 ({And not} 17... Bxh2 18. g3 $18) (17... Ne5 $5 {[%cal Re5d3]} 18. Qf5 Nc4 $15) 18. Rb1 Qd6 ({But not} 18... Bxh2 $2 19. g3 $18) 19. g3 Rfe8 20. f4 Bf6 21. Bd2 Nf8 22. Qf3 Qb6 23. Bd1 d6 24. b4 Qd4 25. Be1 Nd7 26. Bf2 Qd2 27. Rb3 (27. Bg1 $142) 27... Qxa2 (27... Rc3 $17 28. Rxc3 Bxc3) 28. Qd3 $1 Nf8 29. Be3 a5 ({Black should play} 29... Ng6 $15) 30. bxa5 Qxa5 31. Bd2 Qa7 32. Rxb5 Nd7 33. Ra5 Qc7 34. Ba4 Re7 35. Rc1 (35. Bc6 $11) 35... Nc5 36. Qf3 Qb8 37. Rb5 Rb7 38. Rcb1 {Hoping for Rxb7.} Rxb5 39. Bxb5 Qa8 40. Bc6 (40. Be3 $11 {keeps the balance.}) 40... Qa2 $17 41. Rd1 {[#]} Rb8 $1 42. Be3 Na6 43. Rd2 Qa3 44. Kg2 h6 45. Bd4 Qa5 46. Qf2 Bxd4 47. Qxd4 Nc5 {White must now prevent ...Nb3.} 48. Rb2 Rxb2+ 49. Qxb2 Qe1 50. Qf2 Qe4+ 51. Qf3 Qc4 52. Qe3 Ne4 53. Kf3 Nf6 54. Qe2 Qc1 55. Kg2 h5 56. h3 {[#]} h4 $1 {[%mdl 512]} 57. Qf2 $2 {[%mdl 8192] [#]} (57. Qf1 $17 Qc2+ 58. Qf2) (57. gxh4 Qxf4) 57... Ne4 $1 $19 {[%mdl 576] Double Attack} 58. Qe2 Nxg3 59. Qf2 Qh1# {Accuracy: White = 39%, Black = 59%.} 0-1

[Event "45th National Sub Junior 2019"]
[Site "Tiruchengode"]
[Date "2019.07.16"]
[Round "10.7"]
[White "Dinesh Kumar Jaganathan"]
[Black "Aaryan Varshney"]
[Result "0-1"]
[WhiteElo "1949"]
[BlackElo "2284"]
[Annotator "TA"]
[PlyCount "96"]
[EventDate "2019.07.09"]
[EventCountry "IND"]
[SourceTitle "playchess.com"]
[Source "ChessBase"]
[SourceQuality "1"]

{[%evp 21,96,0,27,26,28,15,32,38,37,47,37,35,54,47,64,57,51,45,64,24,33,12,29,24,34,11,21,21,21,21,21,16,25,20,24,3,0,0,0,0,6,8,20,0,0,-20,-21,-119,-103,-116,-101,-98,-83,-43,-43,-156,-48,-48,-48,-48,-48,-48,-48,-48,-48,-48,-8,-2485,-2159,-29968,-29969,-29969,-29964,-29976,-12151,-4810,-4698]} 1. c4 e5 2. g3 Nf6 3. Bg2 d5 4. cxd5 Nxd5 5. Nf3 Nc6 6. O-O Nb6 7. b3 Be7 8. Bb2 f6 9. Nc3 O-O 10. Rc1 Be6 11. Ne4 Qd7 12. d4 {A29: English Opening: Four Knights Variation with 4 g3} exd4 13. Nxd4 Nxd4 14. Bxd4 {White is slightly better.} Rfd8 15. Nc5 Bxc5 $1 16. Bxc5 c6 $146 ({Predecessor:} 16... Qxd1 17. Rfxd1 c6 18. Kf1 Kf7 19. Ke1 Rd7 {1-0 (59) Svane,R (2570)-Arjun,K (2232) Sharjah 2017}) 17. Qc2 Qf7 18. Rcd1 Nd7 19. Bd6 a5 20. f4 {Hoping for f5.} f5 21. Rd2 Nf6 22. Rfd1 Re8 23. Bc5 h5 24. Bd4 Ne4 25. Bxe4 fxe4 26. Be5 Bd5 27. e3 Re6 28. Rxd5 cxd5 29. Rxd5 a4 30. bxa4 Rc6 31. Qxe4 Rc1+ 32. Kg2 {Strongly threatening Bxg7!} Rc2+ 33. Qxc2 Qxd5+ $11 {[%mdl 4096] Endgame KQR-KQB} 34. e4 (34. Kg1 $11) 34... Qc6 $1 $17 {[%cal Rc6c2]} 35. Qb3+ {[#]} Kh7 $1 36. Qf3 Rxa4 37. Qxh5+ Kg8 38. a3 (38. Kh3 $1 $15) 38... Rxe4 (38... Qxe4+ $17 39. Kg1 Qe1+ 40. Kg2 Qd2+ 41. Kg1 Qc1+ 42. Kf2 Qc5+ 43. Kf1 Qb5+ 44. Kg1 Rxa3) 39. Kh3 $15 Ra4 {[%mdl 1024] Black has compensation.} 40. Qg4 {[%csl Ge5][%cal Rg4g7]} Qh6+ 41. Kg2 {Black must now prevent Qc8+.} Rc4 42. Qf5 Qc6+ 43. Kh3 Rc2 {[#]} 44. Qg5 $2 {[%mdl 8192]} (44. Bd6 $1 $11 {[%mdl 512]}) 44... Qe6+ $19 45. f5 Qxe5 46. Qd8+ Kf7 47. Qd7+ Qe7 (47... Kf6 $142 48. Qd8+ Kxf5 49. Qd3+ Qe4 50. g4+ Ke5 51. Qb5+ Kf4 52. Qf1+ Qf3+ 53. Qxf3+ Kxf3 54. Kh4 Rc5 55. a4 Kg2 56. a5 Rxa5 57. h3 g6 58. g5 Ra4#) 48. Qd5+ Kf8 {Accuracy: White = 47%, Black = 79%.} 0-1

[Event "45th National Sub Junior 2019"]
[Site "Tiruchengode"]
[Date "2019.07.16"]
[Round "10.8"]
[White "Komal Srivatsav Sajja"]
[Black "Ajay Karthikeyan"]
[Result "0-1"]
[WhiteElo "1832"]
[BlackElo "2216"]
[Annotator "TA"]
[PlyCount "78"]
[EventDate "2019.07.09"]
[EventCountry "IND"]
[SourceTitle "playchess.com"]
[Source "ChessBase"]
[SourceQuality "1"]

{[%evp 9,78,-20,21,19,24,23,36,0,0,0,0,0,0,-14,-8,-20,-11,-11,-7,-20,-11,-3,0,0,0,0,0,-21,44,0,6,-94,-68,-110,-64,-196,-183,-229,-196,-272,-268,-391,-368,-481,-477,-565,-575,-573,-566,-563,-561,-553,-550,-1048,-1025,-996,-964,-965,-939,-1363,-1302,-1470,-1408,-2696,-2422,-1955,-1870,-5521,-5501,-29990,-29991]} 1. d4 Nf6 2. Bf4 c5 3. e3 Qb6 4. Nc3 d6 (4... a6 5. Bc4 cxd4 6. exd4 e6 7. Nge2 d5 8. Bb3 Bd7 9. O-O Be7 10. Qe1 O-O 11. Rd1 Nc6 {1-0 (23) Aronian,L (2767)-Giri,A (2782) chess.com INT 2018}) 5. dxc5 Qxc5 6. Nf3 {A45: Trompowsky Attack} g6 7. Qd4 Qa5 8. Bxd6 $146 {White is slightly better.} (8. Bb5+ {is more complex.} Bd7 9. Bxd6 Bxb5 10. Bxb8 Bc6 11. Be5) ({Predecessor:} 8. O-O-O Nc6 9. Qa4 Qxa4 10. Nxa4 Ne4 11. Bg3 Bg7 {0-1 (63) Karaboikis,S (1877)-Ilandzis,S (2181) Rhodes 2015}) 8... Nc6 9. Bb5 $1 Qxb5 $1 10. Nxb5 Nxd4 11. Nfxd4 exd6 12. Nc7+ {[%mdl 64] Double Attack} Kd8 $1 {[%cal Rd8c7]} 13. Nxa8 Bd7 14. c4 Kc8 15. Nb5 Kb8 16. Nac7 a6 17. Nxa6+ bxa6 18. Nc3 h5 (18... Be6 $11) 19. O-O h4 20. b4 (20. h3 $11 {keeps the balance.}) 20... Be6 $17 {[%mdl 1024] Black has strong compensation.} 21. b5 Bxc4 22. Rfb1 {[#]} ({White should play} 22. Rfc1 $1 $15) 22... a5 $1 $19 23. Rd1 {[#]} d5 $1 24. a4 (24. Rac1 {might work better.}) 24... Bb4 25. Nb1 (25. Rdc1 $142) 25... Rc8 {Strongly threatening ...Be2.} 26. Rc1 Ne4 27. Rc2 Nc5 28. Na3 Bd3 29. Rcc1 Nxa4 30. Rxc8+ Kxc8 31. Nc2 Bxc2 32. Rc1 Nc3 {Hoping for ...Ne2+.} 33. Rxc2 Kb7 34. Rb2 Kb6 35. Kf1 Kxb5 36. f3 a4 {[%cal Ba5a4,Ba4a3,Ba3a2][%mdl 32]} 37. Rc2 a3 38. Ke1 a2 39. Rc1 Nb1+ {Accuracy: White = 27%, Black = 79%.} 0-1

[Event "45th National Sub Junior 2019"]
[Site "Tiruchengode"]
[Date "2019.07.16"]
[Round "10.9"]
[White "Aditya Bikram Paul"]
[Black "Nikhil Magizhnan"]
[Result "0-1"]
[WhiteElo "1761"]
[BlackElo "2164"]
[Annotator "RC"]
[PlyCount "108"]
[EventDate "2019.07.09"]
[EventCountry "IND"]
[SourceTitle "playchess.com"]
[Source "ChessBase"]
[SourceQuality "1"]
[TimeControl "5400+30"]

1. c4 {[%emt 0:00:00]} e5 {[%emt 0:00:00]} 2. g3 {[%emt 0:00:00]} Nf6 {[%emt 0:00:00]} 3. Bg2 {[%emt 0:00:00]} c6 {[%emt 0:00:05]} 4. d4 {[%emt 0:00:07]} e4 {[%emt 0:00:10]} 5. Nc3 {[%emt 1:32:23]} d5 {[%emt 0:00:06]} 6. Bg5 {[%emt 0:00:00]} Nbd7 {[%emt 0:05:39]} 7. cxd5 {[%emt 0:00:00]} cxd5 {[%emt 0:00:06]} 8. Nh3 {[%emt 0:00:00]} h6 {[%emt 0:14:09]} 9. Bf4 {[%emt 0:00:00]} g5 {[%emt 0:06:07]} 10. Be5 {[%emt 0:00:00]} Bg7 {[%emt 0:01:15]} 11. Qb3 {[%emt 0:00:00]} O-O {[%emt 0:05:54]} 12. O-O {[%emt 0:00:00]} Re8 {[%emt 0:08:37]} 13. f4 {[%emt 0:00:00]} exf3 {[%emt 0:01:30]} 14. Bxf6 {[%emt 0:00:00]} Qxf6 {[%emt 0:07:14]} 15. exf3 {[%emt 0:00:00]} Qxd4+ {[%emt 0:00:13]} 16. Kh1 {[%emt 0:00:00]} Nc5 {[%emt 0:01:29]} 17. Qxd5 {[%emt 0:00:00]} Qxd5 {[%emt 0:07:12]} 18. Nxd5 {[%emt 0:00:00]} Re2 {[%emt 0:00:25]} 19. Rae1 {[%emt 0:00:00]} Rd2 {[%emt 0:10:47]} 20. Ne7+ {[%emt 0:00:00]} Kf8 {[%emt 0:01:55]} 21. Nxc8 {[%emt 0:00:00]} Rxc8 {[%emt 0:00:04]} 22. Rf2 {[%emt 0:00:00]} Rcd8 {[%emt 0:01:17]} 23. Bf1 {[%emt 0:00:00]} Rxb2 {[%emt 0:02:37]} 24. Rxb2 {[%emt 0:00:00]} Bxb2 {[%emt 0:00:02]} 25. Nf2 {[%emt 0:00:00]} Bg7 {[%emt 0:04:43]} 26. Ne4 {[%emt 0:00:00]} Ne6 {[%emt 0:00:30]} 27. a4 {[%emt 0:00:00]} f5 {[%emt 0:03:09]} 28. Nf2 {[%emt 0:00:00]} Nc5 {[%emt 0:00:34]} 29. Rc1 {[%emt 0:00:00]} b6 {[%emt 0:00:48]} 30. a5 {[%emt 0:00:00]} Rd2 {[%emt 0:00:30]} 31. axb6 {[%emt 0:00:00]} axb6 {[%emt 0:00:01]} 32. Nh3 {[%emt 0:00:00]} Nd3 {[%emt 0:03:06]} 33. Rc6 {[%emt 0:00:00]} Ne5 {[%emt 0:02:41]} 34. Rc8+ {[%emt 0:00:00]} Ke7 {[%emt 0:00:38]} 35. Ng1 {[%emt 0:00:00]} g4 {[%emt 0:02:30]} 36. Rc7+ {[%emt 0:00:00]} Kf8 {[%emt 0:00:35]} 37. Rc8+ {[%emt 0:00:00]} Kf7 {[%emt 0:00:57]} 38. Rc7+ {[%emt 0:00:00]} Kg6 {[%emt 0:00:47]} 39. f4 {[%emt 0:00:00]} Nf3 {[%emt 0:00:34]} 40. Nxf3 {[%emt 0:00:00]} gxf3 {[%emt 0:00:03]} 41. Rc1 {[%emt 0:00:00]} Bd4 {[%emt 0:02:14]} 42. Rb1 {[%emt 0:00:00]} Kf6 {[%emt 0:00:52]} 43. Ba6 {[%emt 0:00:00]} Ra2 {[%emt 0:01:10]} 44. Bb5 {[%emt 0:00:00]} Ke7 {[%emt 0:00:49]} 45. Rf1 {[%emt 0:00:00]} Ra3 {[%emt 0:01:39]} 46. Bc6 {[%emt 0:00:00]} f2 {[%emt 0:00:07]} 47. Kg2 {[%emt 0:00:00]} Kd6 {[%emt 0:00:02]} 48. Bf3 {[%emt 0:00:00]} b5 {[%emt 0:00:12]} 49. Rd1 {[%emt 0:00:00]} Kc5 {[%emt 0:00:17]} 50. Rc1+ {[%emt 0:00:00]} Kb4 {[%emt 0:00:29]} 51. Rb1+ {[%emt 0:00:00]} Kc3 {[%emt 0:01:36]} 52. Rxb5 {[%emt 0:00:00]} Ra1 {[%emt 0:00:32]} 53. Be2 {[%emt 0:00:00]} Rg1+ {[%emt 0:00:29]} 54. Kh3 {[%emt 0:00:00]} Re1 {[%emt 0:00:47]} 0-1

[Event "45th National Sub Junior 2019"]
[Site "Tiruchengode"]
[Date "2019.07.16"]
[Round "10.10"]
[White "Ilamparthi A R"]
[Black "Praloy Sahoo"]
[Result "0-1"]
[WhiteElo "2036"]
[BlackElo "1905"]
[Annotator "NA RC"]
[PlyCount "120"]
[EventDate "2019.07.09"]
[EventCountry "IND"]
[SourceTitle "playchess.com"]
[Source "ChessBase"]
[SourceQuality "1"]
[TimeControl "5400+30"]

1. d4 {[%emt 1:30:30]} d5 {[%emt 0:00:08]} 2. Nc3 {[%emt 0:00:00]} Nf6 {[%emt 0:01:35]} 3. Bf4 {[%emt 0:01:00]} Bf5 {[%emt 0:05:31]} 4. Nf3 {[%emt 0:00:00]} e6 {[%emt 0:00:33]} 5. Nb5 {[%emt 0:00:00]} Na6 {[%emt 0:00:14]} 6. e3 {[%emt 0:00:00]} c6 {[%emt 0:03:33]} 7. Nc3 {[%emt 0:00:00]} Qb6 {[%emt 0:01:36]} 8. Rb1 {[%emt 0:00:00]} Nb4 {[%emt 0:02:28]} 9. Bd3 {[%emt 0:00:00]} Nxd3+ {[%emt 0:31:00]} 10. cxd3 {[%emt 0:00:00]} Be7 {[%emt 0:00:17]} 11. Ne5 {[%emt 0:00:00]} h6 {[%emt 0:01:11]} 12. O-O {[%emt 0:00:00]} O-O {[%emt 0:01:18]} 13. Qe2 {[%emt 0:00:00]} Rac8 {[%emt 0:07:34]} 14. Rfc1 {[%emt 0:00:00]} c5 {[%emt 0:09:00]} 15. e4 {[%emt 0:00:00]} dxe4 {[%emt 0:06:02]} 16. dxe4 {[%emt 0:00:00]} Bh7 {[%emt 0:00:04]} 17. dxc5 {[%emt 0:00:00]} Bxc5 {[%emt 0:00:14]} 18. Na4 {[%emt 0:00:00]} Qa5 {[%emt 0:00:26]} 19. Nxc5 {[%emt 0:00:00]} Rxc5 {[%emt 0:00:05]} 20. Rxc5 {[%emt 0:00:00]} Qxc5 {[%emt 0:00:11]} 21. Rc1 {[%emt 0:00:00]} Qa5 {[%emt 0:01:59]} 22. f3 {[%emt 0:00:00]} Nh5 {[%emt 0:15:21]} 23. Qd2 {[%emt 0:00:00]} Qb5 {[%emt 0:00:06]} 24. Nd7 {[%emt 0:00:00]} Nxf4 {[%emt 0:00:48]} 25. Rc5 {[%emt 0:00:00]} Qd3 {[%emt 0:02:58]} 26. Qxd3 {[%emt 0:00:00]} Nxd3 {[%emt 0:00:04]} 27. Rc3 {[%emt 0:00:00]} Nf4 {[%emt 0:00:04]} 28. Rc7 {[%emt 0:00:00]} Ra8 {[%emt 0:00:28]} 29. Rxb7 {[%emt 0:00:00]} Bg6 {[%emt 0:04:28]} 30. g3 {[%emt 0:00:00]} Nh3+ {[%emt 0:00:56]} 31. Kg2 {[%emt 0:00:00]} Ng5 {[%emt 0:00:02]} 32. Ne5 {[%emt 0:00:00]} Rc8 {[%emt 0:03:36]} 33. h4 {[%emt 0:15:00]} Rc2+ {[%emt 0:01:43]} 34. Kf1 {[%emt 0:00:00]} Nh3 {[%emt 0:00:07]} 35. Rb8+ {[%emt 0:00:00]} Kh7 {[%emt 0:00:03]} 36. Nd7 {[%emt 0:00:00]} h5 {[%emt 0:00:08]} 37. Nf8+ {[%emt 0:00:00]} Kh6 {[%emt 0:00:09]} 38. Nd7 {[%emt 0:00:00]} Bh7 {[%emt 0:01:43]} 39. Ne5 {[%emt 0:00:00]} f5 {[%emt 0:01:00]} 40. Nf7+ {[%emt 0:00:00]} Kg6 {[%emt 0:00:08]} 41. Rf8 {[%emt 0:00:00]} Bg8 {[%emt 0:01:04]} 42. Nd6 {[%emt 0:00:00]} fxe4 {[%emt 0:00:25]} 43. Nxe4 {[%emt 0:00:00]} Bf7 {[%emt 0:00:35]} 44. g4 {[%emt 0:00:00]} Nf4 {[%emt 0:00:20]} 45. Nd6 {[%emt 0:01:03]} Rc7 {[%emt 0:00:01]} 46. b3 {[%emt 0:00:31]} e5 {[%emt 0:00:09]} 47. g5 {[%emt 0:01:31]} Be6 {[%emt 0:00:31]} 48. Re8 {[%emt 0:00:27]} Rc1+ {[%emt 0:00:10]} 49. Kf2 {[%emt 0:00:05]} Rc2+ {[%emt 0:00:01]} 50. Ke1 {[%emt 0:00:07]} Rc6 {[%emt 0:00:33]} 51. Ne4 {[%emt 0:00:29]} Ng2+ {[%emt 0:00:06]} 52. Kd2 {[%emt 0:00:07]} Nxh4 {[%emt 0:00:02]} 53. Ke3 {[%emt 0:00:14]} Nf5+ {[%emt 0:00:34]} 54. Kf2 {[%emt 0:00:16]} Nd4 {[%emt 0:00:11]} 55. Ke3 {[%emt 0:00:19]} Rc8 {[%emt 0:00:17]} 56. Rxc8 {[%emt 0:00:20]} Bxc8 {[%emt 0:00:01]} 57. Nd6 {[%emt 0:00:07]} Nf5+ {[%emt 0:00:07]} 58. Nxf5 {[%emt 0:00:05]} Kxf5 {[%emt 0:00:00]} 59. b4 {[%emt 0:00:10]} Bb7 {[%emt 0:00:08]} 60. a4 {[%emt 0:00:06]} Kxg5 {[%emt 0:00:01]} 0-1